La síntesis en historia: su relación con la síntesis general

Guardat en:
Dades bibliogràfiques
Autor principal: Berr, Henri (Autor)
Format: Llibre
Idioma:espanyol
Publicat: Ciudad de México Uteha 1961
Col·lecció:La Evolución de la Humanidad, 166
Matèries:
Etiquetes: Afegir etiqueta
Sense etiquetes, Sigues el primer a etiquetar aquest registre!

MARC

LEADER 00000nam a2200000 a 4500
001 UCP8524
003 CL-VaPUC
008 000303e19610000MX |||||||||||||||||spa|d
082 0 4 |a 907.2  |b BER  |2 21 
100 0 |a Berr, Henri  |e author  |9 438558 
245 1 3 |a La síntesis en historia: su relación con la síntesis general 
300 |a 333 p 
942 |c BK 
945 |d 20000303 00:00:00  |a rherrera 
260 |a Ciudad de México  |b Uteha  |c 1961 
650 0 |a Historiografía   |9 257871 
650 7 |a SINTESIS CIENTIFICA  |2 CL-VaPUC  |9 438559 
650 0 |a Lógica  |9 256849 
650 0 |a Sociología   |9 255410 
583 |a last modification  |c 20000303 00:00:00  |k Rodrigo Vera 
490 0 |a La Evolución de la Humanidad, 166 
999 |c 285416  |d 285414 
952 |0 0  |1 0  |4 0  |6 907_200000000000000_BER_1961  |7 0  |8 A  |9 330036  |a BIBHIS  |b BIBHIS  |d 2019-11-20  |i 1392239  |o 907.2 BER 1961  |p 1392239  |r 2025-01-20  |w 2019-11-20  |y BK  |k HIS